00262nam a2200109Ia 4500008004100000041001200041082001100053100001400064245006100078260000600139650000700145221030s9999 xx 000 0 und d aEnglish a105.23 aU. Pareek 0aDesiging & Managing Human Resource Systemscby U. Pareek c0 aMb